Online Public Access Catalogue

Guyton and Hall textbook of medical physiology / (Record no. 8773)

MARC details
000 -LEADER
fixed length control field 01086cam a22003371a 4500
010 ## -
-- 2009035327
020 ## - INTERNATIONAL STANDARD BOOK NUMBER
International Standard Book Number 9788131244661
035 ## - SYSTEM CONTROL NUMBER
System control number (DNLM)101513815
040 ## -
-- DNLM/DLC
-- DLC
-- DLC
050 00 -
-- QP34.5
-- .G9 2011
060 10 - NATIONAL LIBRARY OF MEDICINE CALL NUMBER
Classification number QT 104
Item number H1767g 2011
082 00 - DEWEY DECIMAL CLASSIFICATION NUMBER
Classification number 612
Edition number 22
100 1# - MAIN ENTRY--PERSONAL NAME
Author Name Hall, John E.
-- 2016
245 10 - TITLE STATEMENT
Title Guyton and Hall textbook of medical physiology /
Statement of responsibility, etc. John Hall.
246 30 -
-- Textbook of medical physiology
250 ## - EDITION STATEMENT
Edition statement 2nd South Asia
260 ## - PUBLICATION, DISTRIBUTION, ETC.
Place of publication, distribution, etc. Philadelphia, Pa. :
Name of publisher, distributor, etc. Saunders/Elsevier,
Date of publication, distribution, etc. 2016.
300 ## - PHYSICAL DESCRIPTION
No of Pages xix, 927 p. :
Dimensions 29 cm.
504 ## - BIBLIOGRAPHY, ETC. NOTE
Bibliography, Index, etc. note Includes bibliographical references and index.
650 #0 - SUBJECT ADDED ENTRY--TOPICAL TERM
Subject Human physiology.
650 #0 - SUBJECT ADDED ENTRY--TOPICAL TERM
Subject Physiology, Pathological.
650 12 - SUBJECT ADDED ENTRY--TOPICAL TERM
Subject Physiological Phenomena.
700 1# - ADDED ENTRY--PERSONAL NAME
Personal name Guyton, Arthur C.
730 0# -
-- Textbook of medical physiology.
906 ## - LOCAL DATA ELEMENT F, LDF (RLIN)
a 7
b cbc
c orignew
d 1
e ecip
f 20
g y-gencatlg
942 ## - ADDED ENTRY ELEMENTS (KOHA)
Source of classification or shelving scheme
Koha item type Books
952 ## - LOCATION AND ITEM INFORMATION (KOHA)
-- 2018-03-16
Holdings
Withdrawn status Lost status Damaged status Not for loan Home library Current library Shelving location Date acquired Total Checkouts Full call number Barcode Checked out Date last seen Date last checked out Koha item type
        Islamabad Medical and Dental College Islamabad Medical and Dental College Islamabad Medical and Dental College 16/03/2018 1 QT 104 10557 16/07/2018 02/07/2018 02/07/2018 Books

Copyright @ IMDC Library
Islamabad Medical and Dental College
Bhara Kahu, Islamabad

  Contact the Librarian, IMDC
  Email:: library@imdcollege.edu.pk

  OPAC Customized by
  Mazhar Hussain,
  Librarian:
  Islamabad Medical and Dental College
  Email:: library@imdcollege.edu.pk